[Event "Topusko op 2nd"]
[Site "Topusko"]
[Date "2013.08.03"]
[Round "1"]
[White "Ognjan, Renato"]
[Black "Dasic, Jelena"]
[Result "1-0"]
[WhiteElo "2076"]
[BlackElo "1585"]
[PlyCount "91"]
[EventDate "2013.08.03"]
[EventType "swiss"]
[EventRounds "7"]
[EventCountry "CRO"]
[SourceTitle "CBM 155 Extra"]
[Source "ChessBase"]
[SourceDate "2013.08.26"]
[SourceVersion "1"]
[SourceVersionDate "2013.08.26"]
[SourceQuality "1"]

1. d4 Nf6 2. Nf3 e6 3. c4 b6 4. g3 Bb7 5. Bg2 Bb4+ 6. Bd2 Bxd2+ 7. Nbxd2 d6 8. Qc2 Nbd7 9. 0-0 0-0 10. e4 e5 11. dxe5 Nxe5 12. Nxe5 dxe5 13. Rad1 Qe7 14. Rfe1 Nd7 15. Nf1 Rad8 16. Ne3 g6 17. Nd5 Bxd5 18. cxd5 Qc5 19. Qxc5 Nxc5 20. b4 Na6 21. a3 Rd6 22. Rc1 Rc8 23. Bh3 Rcd8 24. Bf1 Nb8 25. Rxc7 R6d7 26. Rec1 Kg7 27. Bb5 Rxc7 28. Rxc7 a6 29. Bf1 b5 30. Bh3 Kf8 31. f4 exf4 32. gxf4 Ke8 33. Kf2 h6 34. Ke3 g5 35. fxg5 hxg5 36. Kd4 f6 37. Kc5 Nd7+ 38. Bxd7+ Rxd7 39. Rxd7 Kxd7 40. h3 Kc7 41. d6+ Kd8 42. Kc6 Kc8 43. d7+ Kd8 44. Kd6 g4 45. hxg4 f5 46. exf5 1-0

[Event "CRO-chT2 Center"]
[Site "Croatia"]
[Date "2011.03.27"]
[Round "3.23"]
[White "Babic, Zvonko"]
[Black "Ognjan, Renato"]
[Result "1/2-1/2"]
[WhiteElo "2133"]
[BlackElo "2099"]
[PlyCount "49"]
[EventDate "2011.03.20"]
[EventType "team-tourn"]
[EventRounds "11"]
[EventCountry "CRO"]
[SourceTitle "EXT 2014"]
[Source "ChessBase"]
[SourceDate "2013.11.20"]
[SourceVersion "1"]
[SourceVersionDate "2013.11.20"]
[SourceQuality "1"]

1. e4 c5 2. Nf3 e6 3. d4 cxd4 4. Nxd4 a6 5. Nc3 Qc7 6. g3 Nc6 7. Bg2 Nf6 8. 0-0 Be7 9. Re1 Nxd4 10. Qxd4 Bc5 11. Qd1 d6 12. Be3 0-0 13. Bxc5 Qxc5 14. Na4 Qc7 15. Qd4 Bd7 16. Nb6 Rad8 17. h3 Bc6 18. a4 d5 19. e5 Nd7 20. Nxd7 Bxd7 21. c3 b5 22. axb5 Bxb5 23. Bf1 Rb8 24. Bxb5 Rxb5 25. Ra2 1/2-1/2

[Event "Zupanja op 4th"]
[Site "Zupanja"]
[Date "2010.08.20"]
[Round "2"]
[White "Ognjan, Renato"]
[Black "Rogic, Davor"]
[Result "0-1"]
[WhiteElo "2113"]
[BlackElo "2586"]
[PlyCount "68"]
[EventDate "2010.08.20"]
[EventType "swiss"]
[EventRounds "6"]
[EventCountry "CRO"]
[SourceTitle "CBM 138 Extra"]
[Source "ChessBase"]
[SourceDate "2010.10.29"]
[SourceVersion "1"]
[SourceVersionDate "2010.10.29"]
[SourceQuality "1"]

1. d4 d5 2. c4 c6 3. cxd5 cxd5 4. Nf3 Nc6 5. Nc3 Nf6 6. Bf4 e6 7. e3 Nh5 8. Bg5 Qb6 9. a3 h6 10. Bh4 g5 11. Bg3 Nxg3 12. hxg3 Bg7 13. Na4 Qd8 14. Be2 g4 15. Nd2 h5 16. Rc1 e5 17. dxe5 Nxe5 18. Bb5+ Kf8 19. Qc2 Kg8 20. Qc7 Be6 21. Qxd8+ Rxd8 22. Nc5 Bc8 23. Ke2 Rh6 24. b4 a6 25. Bd3 b6 26. Ncb3 Nxd3 27. Kxd3 Bb2 28. Rc7 Bxa3 29. Kc3 a5 30. bxa5 bxa5 31. Nxa5 Bd6 32. Rxc8 Rxc8+ 33. Kd4 Rc2 34. Kd3 Rxd2+ 0-1